MARC

LEADER 00000nam0a2200000 4500
001 144474
005 20231031143718.0
035 |a (RuTPU)RU\TPU\book\156568 
090 |a 144474 
100 |a 20081003d1953 m y0rusy50 ca 
101 0 |a rus 
102 |a RU 
105 |a a z 001zy 
200 1 |a Исследование основных гидравлических закономерностей турбулентного движения в трубах  |f Ф. А. Шевелев  |g Всесоюзный научно-исследовательский институт водоснабжения, канализации, гидротехнических сооружений и инженерной гидрогеологии (НИИ ВОДГЕО, ВНИИводгео) 
210 |a Москва  |c Государственное изд-во лит-ры по строительству и архитектуре  |d 1953 
215 |a 208 с.  |c ил. 
225 1 |a Инженерная гидравлика 
320 |a Библиогр.: с. 204-206. 
610 1 |a исследование 
610 1 |a гидравлика 
610 1 |a турбулентное движение 
610 1 |a трубы 
675 |a 532  |v 3 
700 1 |a Шевелев  |b Ф. А. 
712 0 2 |a Всесоюзный научно-исследовательский институт водоснабжения, канализации, гидротехнических сооружений и инженерной гидрогеологии (НИИ ВОДГЕО, ВНИИводгео)  |c (Москва)  |2 stltpush  |3 (RuTPU)RU\TPU\col\4603 
801 1 |a RU  |b 63413507  |c 20081003  |g PSBO 
801 2 |a RU  |b 63413507  |c 20090425  |g PSBO 
942 |c BK